HOW TO MAKE MONEY TRADING DERIVATIVES AN (Record no. 7912)

MARC details
000 -LEADER
fixed length control field 00347nam a2200133Ia 4500
008 - FIXED-LENGTH DATA ELEMENTS--GENERAL INFORMATION
fixed length control field 240624s9999 xx 000 0 und d
041 ## - LANGUAGE CODE
Language code of text/sound track or separate title eng
082 ## - DEWEY DECIMAL CLASSIFICATION NUMBER
Classification number 332.6457 GUJ
100 ## - MAIN ENTRY--PERSONAL NAME
Personal name GURAL ASHWANI
245 ## - TITLE STATEMENT
Title HOW TO MAKE MONEY TRADING DERIVATIVES AN
260 ## - PUBLICATION, DISTRIBUTION, ETC.
Date of publication, distribution, etc. 2006
Place of publication, distribution, etc. New Delhi
Name of publisher, distributor, etc. Vision Books
300 ## - PHYSICAL DESCRIPTION
Extent 248 : p. : cm. ; 22
365 ## - TRADE PRICE
Currency code RS
Price amount 35
Holdings
Withdrawn status Lost status Damaged status Not for loan Home library Current library Shelving location Date acquired Source of acquisition Cost, normal purchase price Total Checkouts Full call number Barcode Date last seen Date last checked out Copy number Price effective from Koha item type
        IMTN IMTN Rack 12-B 01/03/2008 OSY 395.00 2 332.6457 GUJ 7912 10/16/2025 10/06/2025 1 06/24/2024 Books
Designed & Maintained by: LRC IMT Nagpur Contact: lrc@imtnag.ac.in© 2024. All Rights Reserved.